Local authority housing stock transfer in the UK: from local initiative to national policy (Record no. 71264)

MARC details
000 -LEADER
fixed length control field 01255cam a2200277 4500
001 - CONTROL NUMBER
control field ABS65951
008 - FIXED-LENGTH DATA ELEMENTS--GENERAL INFORMATION
fixed length control field 021001n2002 000 0 eng u
035 ## - SYSTEM CONTROL NUMBER
System control number (Sirsi) u119943
100 ## - MAIN ENTRY--PERSONAL NAME
Personal name Malpass, P
245 ## - TITLE STATEMENT
Title Local authority housing stock transfer in the UK: from local initiative to national policy
260 ## - PUBLICATION, DISTRIBUTION, ETC.
Date of publication, distribution, etc. 2002
490 ## - SERIES STATEMENT
Series statement Housing Studies
Volume/sequential designation 17(4) July 2002, 673-686(14)
520 ## - SUMMARY, ETC.
Summary, etc. Studies the evolution of the stock transfer process since 1988 with its transformation from local initiative to central part of government housing policy in the UK. Considers in detail policy origins and antecedents, the emergence of national policy and its rolling out. Looks more briefly atpolicy impact on the non-profit housing sector, local authorities and the issues of rents and access to housing. Future prospects are reviewed. Figures. References. (TAKEN FROM JOURNAL ABSTRACT).
590 ## - LOCAL NOTE (RLIN)
Local note ABS
650 ## - SUBJECT ADDED ENTRY--TOPICAL TERM
Topical term or geographic name entry element STOCK TRANSFER
650 ## - SUBJECT ADDED ENTRY--TOPICAL TERM
Topical term or geographic name entry element REGISTERED SOCIAL LANDLORDS
650 ## - SUBJECT ADDED ENTRY--TOPICAL TERM
Topical term or geographic name entry element URBAN REGENERATION
650 ## - SUBJECT ADDED ENTRY--TOPICAL TERM
Topical term or geographic name entry element HOUSING POLICY
650 ## - SUBJECT ADDED ENTRY--TOPICAL TERM
Topical term or geographic name entry element LOCAL AUTHORITIES
650 ## - SUBJECT ADDED ENTRY--TOPICAL TERM
Topical term or geographic name entry element NON-PROFIT HOUSING
650 ## - SUBJECT ADDED ENTRY--TOPICAL TERM
Topical term or geographic name entry element RENTS
650 ## - SUBJECT ADDED ENTRY--TOPICAL TERM
Topical term or geographic name entry element ACCESS TO HOUSING
690 ## - LOCAL SUBJECT ADDED ENTRY--TOPICAL TERM (OCLC, RLIN)
Topical term or geographic name as entry element Affordable housing
9 (RLIN) 6215
700 ## - ADDED ENTRY--PERSONAL NAME
Personal name Mullins, D
942 ## - ADDED ENTRY ELEMENTS (KOHA)
Suppress in OPAC 0
Holdings
Withdrawn status Lost status Source of classification or shelving scheme Damaged status Not for loan Home library Current library Shelving location Date acquired Total Checkouts Full call number Barcode Date last seen Copy number Price effective from Koha item type
    Dewey Decimal Classification     London London Journal article 01/10/2002   ABS65951 119943-1001 06/08/2019 1 06/08/2019 Journal article